000 01072nam a2200265Ia 4500
003 IN-BaIIA
008 211028s9999 xx 000 0 eng d
020 _a978-1-58381-780-3
040 _cIIA Library
080 _a082.2:52
_bASP-449
111 _aAstronomical Polarimetry 2008
_cQuebec, Canada
_d2008 July 6-11
_935113
245 0 _aAstronomical polarimetry 2008
_bscience from small to large telescopes; proceedings of a workshop held in Quebec, Canada, July 6-11, 2008
_cedited by Pierre Bastien…[et al.]
260 _aSan Francisco
_bAstronomical Society of the Pacific
_c2011
300 _axiii, 466p.
490 _aAstronomical Society of the Pacific conference series; v. 449
650 _aAstronomy - congresses
_911249
650 _aLarge telescope - congresses
_935114
650 _aPolarimetry - congresses
_930789
650 _aSmall telescope - congresses
_935115
700 _aBastien, Pierre, ed.
_935116
700 _aClemens, D. P., ed.
_935117
700 _aManset, Nadine, ed.
_935118
700 _aSt-Louis, Nicole., ed.
_922339
942 _cBK
999 _c18330
_d18330